| 000 | 00681nam a22002057a 4500 | ||
|---|---|---|---|
| 999 |
_c14266 _d14266 |
||
| 003 | AR-CdUCM | ||
| 008 | 190422b ||||| |||| 00| 0 spa d | ||
| 020 | _a978-6076-182-277 | ||
| 040 |
_aMUNICIPALIDAD PROVINCIAL DEL CUSCO _cBIBLIOTECA MUNICIPAL DEL CUSCO |
||
| 041 | _heng | ||
| 082 |
_aPI / 803.01 / _bB82 |
||
| 100 |
_aBreen, Michelle _932683 |
||
| 245 | _aLa sirena encantada / | ||
| 260 |
_aMéxico : _bThe five mile press pty, _c2014. |
||
| 300 |
_a20 páginas; _bIlustraciones, _c22 cm. _e1 castillo + 1 sirena, |
||
| 650 |
_aCuentos infantiles _93927 |
||
| 700 |
_aCaballero Del Moral, Samantha (traducción) _932981 |
||
| 942 |
_2ddc _cLIBROS |
||
| 945 |
_aacv _d2019-04-22 |
||